NLSUI OPAC header image

A compendium of issues on income tax and wealth tax : A complete guide to frequently asked questions Vol. I (Record no. 30881)

MARC details
000 -LEADER
fixed length control field 02592nam a2200229Ia 4500
003 - CONTROL NUMBER IDENTIFIER
control field OSt
005 - DATE AND TIME OF LATEST TRANSACTION
control field 20220127161949.0
008 - FIXED-LENGTH DATA ELEMENTS--GENERAL INFORMATION
fixed length control field 160316s2011 xxu||||| |||| 00| 0 eng d
020 ## - INTERNATIONAL STANDARD BOOK NUMBER
International Standard Book Number 9788184735215
040 ## - CATALOGING SOURCE
Transcribing agency NLS
082 ## - DEWEY DECIMAL CLASSIFICATION NUMBER
Classification number 343.052 AHU-II-2
100 ## - MAIN ENTRY--PERSONAL NAME
Personal name Ahuja Girish
245 ## - TITLE STATEMENT
Title A compendium of issues on income tax and wealth tax : A complete guide to frequently asked questions Vol. I
250 ## - EDITION STATEMENT
Edition statement 3rd
260 ## - PUBLICATION, DISTRIBUTION, ETC.
Place of publication, distribution, etc. New Delhi
Name of publisher, distributor, etc. C C H
Date of publication, distribution, etc. 2011
300 ## - PHYSICAL DESCRIPTION
Extent 2246p
Dimensions xi
365 ## - TRADE PRICE
Price amount Rs. 2,250 Set
505 ## - FORMATTED CONTENTS NOTE
Formatted contents note Contents:<br/>Vol.2-<br/>18. Assessment of trusts [Sections 11 to 13];<br/>19. Taxation of mutual associations;<br/>20. Assessment of companies;<br/>21. Tonnage tax scheme;<br/>22. Taxation of non-residents [Chapters XII and XIIA of income-tax Act];<br/>23. Return of income and procedure of assessment [Sections 139 to 154];<br/>24. Search, seizure & survey and special procedure for assessment of search cases [Sections 132, 132A, 132B, 133A, 153C and Sections 158B to 158BH];<br/>25. Deduction and collection of tax at source [Sections 190 to 206CA i.e. Chapter XVIIA & B];<br/>26. Advance payment of tax [Sections 207-211, 218 & 219];<br/>27. Interest payable by/to assessee [Sections 201(1A), 220(2), 234A, 234B, 234C & 244A];<br/>28. Refunds [Sections 237 to 241 & 245];<br/>29. Settlement of cases [Sections 245A to 245L];<br/>30. Advance rulings [Sections 245N to 245V];<br/>31. Appeals and revision [Sections 246 to 264];<br/>32. Penalties and prosecutions;<br/>33. Income tax authorities [Sections 116 to 119];<br/>34. Business reorganisation;<br/>35. Double taxation relief [Sections 90, 90A and 91];<br/>36. Special provisions relating to avoidance of tax [Chapter X, sections 92 & 93];<br/>37. Liability in special cases [Chapter XV, Sections 159 to 179];<br/>38. Collection and recovery of tax [Sections 220 to 230A];<br/>39. Miscellaneous provisions;<br/>40. Wealth tax;<br/><br/>Appendices;<br/>1. Rural agricultural land;<br/>2. Rates of taxation;<br/>3. Direct tax rates for last ten assessment years;<br/>4. Time limit, form & fees for filing an appeal;<br/>5. Interest accrued on certain certificates;<br/>6. Depreciation table;<br/>7. Depreciation table;<br/>8. Gold & silver rates since 1-4-1981;<br/>9. The income-tax (Appellate tribunal) rules, 1963;<br/>10. The authority for advance rulings (Procedure) rules, 1996;<br/>11. Securities transanction tax rules, 2004;<br/>12. Reverse mortgage scheme, 2008;<br/>13. Capital gains accounts scheme, 1988;<br/>14. Bank term deposit scheme, 2006;<br/>15. Tax return preparer scheme, 2006;<br/>Table of cases;<br/>Section finding list.
650 ## - SUBJECT ADDED ENTRY--TOPICAL TERM
Topical term or geographic name entry element 1. Income Tax - Wealth Tax
700 ## - ADDED ENTRY--PERSONAL NAME
Personal name Gupta Ravi
--
942 ## - ADDED ENTRY ELEMENTS (KOHA)
Source of classification or shelving scheme Dewey Decimal Classification
Koha item type BOOKs
Holdings
Withdrawn status Lost status Damaged status Not for loan Home library Current library Shelving location Date acquired Cost, normal purchase price Total Checkouts Full call number Barcode Date last seen Price effective from Koha item type Public note
        . . NAB Compactor 30.05.2017 2250.00   343.052 AHU-II-2 28174 30.05.2017 30.05.2017 BOOKs Price for the entire Set